000
00233 a2200097 4500
001
63739
082
_a
428 CHI
090
_c
37717
_d
37717
100
_a
B.A Chishty
245
_a
Polymer English Grammer and Composition For BA Students
260
_a
Lahore
_b
Polymer PUb
999
_c
298812
_d
298812